| 000 | 01793nam a2200481 a 4500 | ||
|---|---|---|---|
| 001 | 000103258 | ||
| 003 | CHAP | ||
| 005 | 20240925132026.0 | ||
| 007 | cr ||||||a|c|a | ||
| 008 | 101109s2010 mx r 00010 spa d | ||
| 035 | _a111379 | ||
| 040 | _cCHAP | ||
| 090 | _aTesis | ||
| 100 | 1 |
_aJuárez Romero, Marco Antonio. _962484 |
|
| 245 | 1 | 0 |
_aDiseño de un sistema de riego por goteo con un enfoque de optimización económica en el municipio de El Fuerte, Sinaloa _c/por Marco Antonio Juárez Romero; director Vicente Ángeles Montiel |
| 264 | 1 |
_aChapingo, Méx. : _bEl autor, _c2010. |
|
| 300 |
_a1recurso en línea (139 páginas): _bcuadros, figuras |
||
| 336 |
_2rdacontent _atexto _btxt |
||
| 337 |
_2rdamedia _acomputadora _bc |
||
| 338 |
_2rdacarrier _arecursos en línea _bcr |
||
| 502 |
_bII _cIrrigación _d2010 _gLIC |
||
| 590 |
_aALEPH _b10 _c20130110 |
||
| 590 |
_aBATCH-UPD _b10 _c20130110 |
||
| 590 |
_aBATCH-UPD _b10 _c20130410 |
||
| 590 |
_aBATCH-UPD _b10 _c20130914 |
||
| 590 |
_aBATCH-UPD _b10 _c20140324 |
||
| 590 |
_aBATCH-UPD _b10 _c20141002 |
||
| 590 |
_aCONVERSION _b10 _c20130109 |
||
| 590 |
_aE12093SGE _b10 _c20130628 |
||
| 650 | 1 | 4 |
_aDiseño de sistemas. _932729 |
| 650 | 1 | 4 |
_aRiego localizado. _997374 |
| 650 | 1 | 4 |
_aRiego por goteo. _997380 |
| 650 | 1 | 4 |
_aRiego _xAspectos económicos _zSinaloa. _997370 |
| 650 | 1 | 4 |
_aSistemas de riego. _9106772 |
| 700 | 1 |
_aÁngeles Montiel, Vicente _982430 _eDirector |
|
| 856 |
_uhttp://10.13.5.2/tesis/111379.pdf _zDESCARGAR PDF |
||
| 901 | _aBK | ||
| 942 |
_cTD _2Clasificación Universidad Autónoma Chapingo |
||
| 949 |
_aTesis _bBC _cTES _d33724002220660 _eTS1 _gDonaciØn _h51380 _i111379 _sb |
||
| 949 |
_aTesis _bBC _cTES _d33724002220678 _eTS2 _fc.2 _gDonaciØn _h51381 _i111379 _sb |
||
| 999 |
_c99721 _d99721 |
||